Statistiques concernant Pays d'Afrique

Cliquez ici pour prendre le quiz!

Statistiques générales

  • Ce quiz a été pris 76 fois
    (24 depuis la dernière actualisation)
  • Le résultat moyen est 48 sur 54

Statistiques - réponses

Pays% Correct
Algérie
100%
Angola
100%
Bénin
100%
Congo (République)
100%
Congo (République Démocratique du)
100%
Côte d'Ivoire
100%
Éthiopie
100%
Mali
100%
Maroc
100%
Niger
100%
Nigeria
100%
Tunisie
100%
Zimbabwe
100%
Botswana
93%
Cameroun
93%
Djibouti
93%
Égypte
93%
Érythrée
93%
Eswatini
93%
Gabon
93%
Lesotho
93%
Liberia
93%
Libye
93%
Madagascar
93%
Mauritanie
93%
Ouganda
93%
Sénégal
93%
Soudan
93%
Soudan du Sud
93%
Afrique du Sud
87%
Burkina Faso
87%
Ghana
87%
Guinée
87%
Guinée-Bissau
87%
Guinée équatoriale
87%
Malawi
87%
Rwanda
87%
Zambie
87%
Burundi
80%
Cap-Vert
80%
Gambie
80%
Namibie
80%
Sierra Leone
80%
Togo
80%
Comores
73%
Île Maurice
73%
Kenya
73%
Mozambique
73%
Sao Tomé-et-Principe
73%
Seychelles
73%
Somalie
73%
République Centrafricaine
67%
Tanzanie
67%
Tchad
67%

Distribution des résultats

Percentile par nombre de réponses

% des personnes avec chaque résultat

Votre développement - résultats

Vous n’avez pas pris ce quiz depuis la dernière actualisation